<?xml version="1.0" encoding="UTF-8"?>
<collection xmlns="http://www.loc.gov/MARC21/slim">
 <record>
  <leader>00965pamaa2200193   4500</leader>
  <controlfield tag="001">0000053646</controlfield>
  <controlfield tag="005">20151027090000.0</controlfield>
  <controlfield tag="008">151016s2015                             eng  </controlfield>
  <datafield tag="090" ind1="0" ind2="0">
   <subfield code="a">TA545 </subfield>
   <subfield code="b">THN 2015</subfield>
  </datafield>
  <datafield tag="100" ind1="1" ind2="1">
   <subfield code="a">Thien Yung Wei </subfield>
  </datafield>
  <datafield tag="245" ind1="1" ind2="2">
   <subfield code="a">A study on barriers and challenges to value management implementation by QS firms in Selangor  </subfield>
   <subfield code="c">Thien Yung Wei.</subfield>
  </datafield>
  <datafield tag="260" ind1=" " ind2=" ">
   <subfield code="a">Nilai: </subfield>
   <subfield code="b">INTI International University, </subfield>
   <subfield code="c">April 2015.</subfield>
  </datafield>
  <datafield tag="300" ind1=" " ind2=" ">
   <subfield code="a">vii, 80p: </subfield>
   <subfield code="b">ill.; </subfield>
   <subfield code="c">30 cm.</subfield>
  </datafield>
  <datafield tag="500" ind1=" " ind2=" ">
   <subfield code="a">BQSI 44</subfield>
  </datafield>
  <datafield tag="502" ind1="0" ind2="0">
   <subfield code="a">Dissertation submitted as a partial fulfillment of the requirement for the Bachelor of Science (Hons.) In Quantity Surveying submitted to INTI International University and under the management and supervision of Faculty of Science, Technology, Engineering and Mathematics</subfield>
  </datafield>
  <datafield tag="650" ind1="0" ind2="0">
   <subfield code="a">Dissertations, academic -- </subfield>
   <subfield code="x">Engineeering </subfield>
  </datafield>
  <datafield tag="650" ind1="0" ind2="0">
   <subfield code="a">Cost estimation </subfield>
  </datafield>
  <datafield tag="650" ind1="0" ind2="0">
   <subfield code="a">Construction -- </subfield>
   <subfield code="x">Software </subfield>
  </datafield>
  <datafield tag="856" ind1="0" ind2="0">
   <subfield code="u">http://intilib.intimal.edu.my/equip-intin/custom/home.jsp</subfield>
  </datafield>
 </record>
</collection>
